000 00448nam a2200169Ia 4500
001 26952
003 IN-NITTTR
005 20251114233337.0
008 251113s9999||||xx |||||||||||||| ||eng||
040 _beng
040 _cIN-NITTTR
041 _aeng
082 _a006.6633 S47G
100 _aStevens, Roger T.
245 0 _aGraphics programming in C :
_b a comprehensive resource for every c programmer /
_cStevens, Roger T.
942 _2ddc
_cBK
999 _c29580
_d29580